000 00215 a2200097 4500
001 15068
100 _aHouston & Bates R
245 _aK2 the savage mountain
260 _aLondon
_bCollins
_c
090 _c11823
_d11823
942 _aNUST-CAE
_cM
_c2029
999 _c250141
_d250141